| 000 | 00806cam a2200253 i 4500 | ||
|---|---|---|---|
| 001 | 200442917 | ||
| 003 | TR-AnTOB | ||
| 005 | 20240716150848.0 | ||
| 007 | ta | ||
| 008 | 210813s2013 tu 000 0 tur d | ||
| 020 | _a9786056367809 | ||
| 040 |
_aTR-AnTOB _beng _cTR-AnTOB _erda _dTR-AnTOB |
||
| 041 | 0 | _atur | |
| 060 |
_aWL 385 _b.H3819 2013 |
||
| 096 |
_aWL385 _b.H3819 2013 |
||
| 245 | 0 | 0 |
_aHareket bozuklukları : Unutulmaz vakalar/ _ceditör : Hubert H. Fernandez, Marcelo Merello ; çeviri editörleri : Haşmet A. Hanağası, Gürdal Şahin. |
| 264 |
_aBursa : _bAKMAT Bursa, _c2013. |
||
| 300 |
_a310 pages ; _billustrations |
||
| 336 |
_2rdacontent _atext _btxt |
||
| 337 |
_2rdamedia _aunmediated _bn |
||
| 338 |
_2rdacarrier _avolume _bnc |
||
| 942 |
_2NLM _cBK |
||
| 999 |
_c200442917 _d61129 |
||